|
|
|
|
| LEADER |
01029nta a2200229 i 4500 |
| 001 |
dokt4437 |
| 005 |
20220610121911.0 |
| 008 |
220331s1997 hu om 0|| hun d |
| 040 |
|
|
|a SZTE Doktori Repozitórium
|b hun
|
| 041 |
|
|
|a hun
|
| 100 |
1 |
|
|a Papp Péter
|
| 245 |
1 |
0 |
|a DNS-fehérje szekvencia-specifikus kölcsönhatásainak vizsgálata
|h [elektronikus dokumentum] :
|b Egyetemi doktori fokozatának PhD fokozattá történő átminősítésére benyújtott tézis /
|c Papp Péter
|
| 260 |
|
|
|c 1997
|
| 502 |
|
|
|a Disszertacio
|
| 650 |
|
4 |
|a biológiai tudományok
|
| 650 |
|
4 |
|a Természettudományok
|
| 650 |
|
4 |
|a Biológiai tudományok
|
| 695 |
|
|
|a Biológia
|
| 700 |
1 |
|
|a nincs megadva
|e ths
|
| 856 |
4 |
0 |
|u https://doktori.bibl.u-szeged.hu/id/eprint/4437/1/1997_papp_peter_tezis.pdf
|z Dokumentum-elérés
|
| 856 |
4 |
0 |
|u https://doktori.bibl.u-szeged.hu/id/eprint/4437/2/1997_papp_peter_publikaciok.pdf
|z Dokumentum-elérés
|
| 856 |
4 |
0 |
|u https://doktori.bibl.u-szeged.hu/id/eprint/4437/13/1997_papp_peter_biralat.pdf
|z Dokumentum-elérés
|